Valorant Maps 2024 - Statistics

General Stats
  • This quiz has been taken 480 times
    119 since last reset
  • The average score is 10 of 11
Answer Stats
Picture Answer % Correct
Icebox
98%
Bind
97%
Ascent
95%
Haven
95%
Lotus
94%
Split
94%
Pearl
93%
Fracture
90%
Sunset
87%
Breeze
84%
Abyss
82%
No matching quizzes found
Score Distribution
Percent of People with Each Score
Percentile by Number Answered
Your Score History
You have not taken this quiz since the last reset